| 000 | 00389cam a2200169ua 4500 | ||
|---|---|---|---|
| 020 | _c4.00 | ||
| 041 |
_ahin _h |
||
| 082 |
_a891.43 _bMAM/SA |
||
| 100 | _aMama, Varerkar . | ||
| 245 |
_aSanthulan / _cMama Varerkar. _hTextual Documents |
||
| 260 |
_a : _bRajpal and Sanch , _c1962. |
||
| 300 | _a235 ; . | ||
| 365 | _a4.00 | ||
| 504 | _a | ||
| 942 | _cBK | ||
| 999 |
_c11486 _d11486 |
||